Statistiques concernant La lettre décisive - Préfectures françaises

Cliquez ici pour prendre le quiz!

Statistiques générales

  • Ce quiz a été pris 381 fois
  • Le résultat moyen est 9 sur 20

Statistiques - réponses

MotLettrePréfecture% Correct
SénatNNantes
81%
ZéroDRodez
79%
ConcasseraNCarcassonne
72%
CastrerHChartres
71%
ChambreYChambéry
69%
SemailleRMarseille
54%
OvuleSVesoul
52%
ParisVPrivas
51%
VexerUEvreux
49%
AdouberXBordeaux
47%
PiqûreMQuimper
45%
VaisselleRVersailles
42%
CrashOCahors
39%
RiposteIPoitiers
30%
IntemporelLMontpellier
28%
CéleriTCréteil
23%
AtchoumNChaumont
20%
DessinaitNSaint-Denis
20%
AbonnésCBesançon
15%
DurableCBar-le-Duc
6%

Distribution des résultats

Percentile par nombre de réponses

% des personnes avec chaque résultat

Votre développement - résultats

Vous n’avez pas pris ce quiz